[Event "Quang Ninh GM1 2nd"]
[Site "Ha Long"]
[Date "2025.06.09"]
[Round "4"]
[White "Mariano, Fabian Glen"]
[Black "Liu, Xiangyi"]
[Result "1-0"]
[WhiteElo "2401"]
[BlackElo "2370"]
[PlyCount "37"]
[EventDate "2025.06.06"]
[EventType "tourn"]
[EventRounds "9"]
[EventCountry "VIE"]
[EventCategory "6"]
[SourceTitle "CB26_2025"]
[SourceDate "2025.06.25"]
[SourceVersion "1"]
[SourceVersionDate "2025.06.25"]
[SourceQuality "1"]

1. e4 e5 2. Nf3 Nc6 3. Bb5 a6 4. Ba4 f5 5. d4 exd4 6. e5 b5 7. Bb3 Na5 8. Bd5 c6 9. Bxg8 Rxg8 10. Nxd4 Qe7 11. 0-0 g6 12. a4 b4 13. Nd2 Qf7 14. e6 dxe6 15. N2f3 h6 16. Re1 c5 17. Nxe6 Bxe6 18. Qd5 Rd8 19. Rxe6+ 1-0

[Event "Quang Ninh GM1 2nd"]
[Site "Ha Long"]
[Date "2025.06.06"]
[Round "1"]
[White "Priasmoro, Novendra"]
[Black "Liu, Xiangyi"]
[Result "1-0"]
[WhiteElo "2407"]
[BlackElo "2370"]
[PlyCount "106"]
[EventDate "2025.06.06"]
[EventType "tourn"]
[EventRounds "9"]
[EventCountry "VIE"]
[EventCategory "6"]
[SourceTitle "CB26_2025"]
[SourceDate "2025.06.25"]
[SourceVersion "1"]
[SourceVersionDate "2025.06.25"]
[SourceQuality "1"]

1. d4 d5 2. Nf3 Nf6 3. c4 c6 4. Nc3 a6 5. g3 dxc4 6. Bg2 b5 7. Ne5 Bb7 8. b3 cxb3 9. Qxb3 e6 10. Bb2 a5 11. Nxb5 a4 12. Nd6+ Qxd6 13. Qxb7 Qb4+ 14. Qxb4 Bxb4+ 15. Kd1 a3 16. Bc1 Nd5 17. Bd2 Ra4 18. e3 Bd6 19. Nd3 Na6 20. Ke2 Kd7 21. Rhb1 Rb8 22. Rb3 Rc4 23. Kd1 Kc7 24. Bf1 Ra4 25. Rc1 h6 26. Bg2 Rb6 27. Ke2 Nab4 28. Nxb4 Nxb4 29. Rcb1 Rb5 30. Rc1 Rb6 31. Kd1 Raa6 32. Ra1 Be7 33. Bf1 Ra8 34. Rab1 Nd5 35. e4 Rxb3 36. Rxb3 Nf6 37. f3 Nd7 38. Kc2 Ra4 39. Bf4+ Kc8 40. Rc3 Rxd4 41. Rxc6+ Kb7 42. Rc7+ Kb6 43. Rc3 Bc5 44. Rb3+ Rb4 45. Rxa3 Bd4 46. Rb3 Rxb3 47. Kxb3 Ne5 48. Be2 Nc6 49. Kc4 Bg1 50. g4 f6 51. h4 g5 52. Bc1 Nb8 53. Bd2 Na6 1-0

[Event "Sitges Sunway op-A 11th"]
[Site "Sitges"]
[Date "2024.12.22"]
[Round "10"]
[White "Liu, Xiangyi"]
[Black "Maurizzi, Marc Andria"]
[Result "0-1"]
[WhiteElo "2372"]
[BlackElo "2576"]
[PlyCount "72"]
[EventDate "2024.12.12"]
[EventType "swiss"]
[EventRounds "10"]
[EventCountry "ESP"]
[SourceTitle "CB52_2024"]
[SourceDate "2024.12.25"]
[SourceVersion "1"]
[SourceVersionDate "2024.12.25"]
[SourceQuality "1"]

1. e4 c5 2. Nf3 d6 3. g3 Nf6 4. c3 g6 5. Bg2 Bg7 6. 0-0 0-0 7. Re1 Nc6 8. h3 Nd7 9. d4 Rb8 10. a4 b6 11. Na3 Bb7 12. Rb1 Rc8 13. d5 Nce5 14. Nxe5 Nxe5 15. f4 Nd7 16. Nb5 a6 17. Na7 Rc7 18. e5 Nb8 19. Qb3 e6 20. Qxb6 Bxd5 21. Bxd5 exd5 22. exd6 Rd7 23. Qxc5 d4 24. cxd4 Rxd6 25. Be3 Qd7 26. Bf2 Rd5 27. Qe7 Qxh3 28. Rbd1 Rfd8 29. Qh4 Qd7 30. Re7 Qxa4 31. Rde1 Rf8 32. b3 Qxb3 33. Re8 Rh5 34. Qg4 Qd5 35. Kf1 Rh1+ 36. Bg1 Bxd4 0-1

[Event "Quang Ninh GM2"]
[Site "Ha Long"]
[Date "2024.05.19"]
[Round "9"]
[White "Liu, Xiangyi"]
[Black "Lou, Yiping"]
[Result "1/2-1/2"]
[WhiteElo "2355"]
[BlackElo "2454"]
[PlyCount "40"]
[EventDate "2024.05.14"]
[EventType "tourn"]
[EventRounds "9"]
[EventCountry "VIE"]
[EventCategory "6"]
[SourceTitle "CBM 220 Extra"]
[Source "ChessBase"]
[SourceDate "2024.07.31"]
[SourceVersion "1"]
[SourceVersionDate "2024.07.31"]
[SourceQuality "1"]

1. d4 d5 2. c4 dxc4 3. Nf3 Nf6 4. e3 e6 5. Bxc4 c5 6. Nc3 a6 7. dxc5 Qxd1+ 8. Kxd1 Bxc5 9. Ke2 b5 10. Bd3 Bb7 11. Bd2 Nbd7 12. Rac1 Bd6 13. Rhd1 Ke7 14. h3 Rac8 15. Nb1 Rxc1 16. Rxc1 Rc8 17. Rxc8 Bxc8 18. Ba5 Nc5 19. Nbd2 Nxd3 20. Kxd3 Bb7 1/2-1/2

[Event "Quang Ninh GM2"]
[Site "Ha Long"]
[Date "2024.05.14"]
[Round "2"]
[White "Liu, Xiangyi"]
[Black "Gomez, John Paul"]
[Result "1/2-1/2"]
[WhiteElo "2355"]
[BlackElo "2415"]
[PlyCount "62"]
[EventDate "2024.05.14"]
[EventType "tourn"]
[EventRounds "9"]
[EventCountry "VIE"]
[EventCategory "6"]
[SourceTitle "CBM 220 Extra"]
[Source "ChessBase"]
[SourceDate "2024.07.31"]
[SourceVersion "1"]
[SourceVersionDate "2024.07.31"]
[SourceQuality "1"]

1. e4 e6 2. Nf3 d5 3. e5 c5 4. g3 Nc6 5. Bg2 f6 6. exf6 Nxf6 7. 0-0 Bd6 8. d3 0-0 9. c4 h6 10. Nfd2 Nb4 11. Nc3 Kh8 12. Nb3 a6 13. Na4 b6 14. a3 Nc6 15. d4 Nxd4 16. Nxd4 cxd4 17. Qxd4 b5 18. c5 e5 19. Qh4 Be7 20. Nb6 Ng4 21. Qh5 Bf5 22. Nxd5 g6 23. Qh3 Bxc5 24. Be3 Rc8 25. Bxc5 Rxc5 26. f3 Nxh2 27. Qxh2 Rxd5 28. Qxh6+ Kg8 29. Qe3 Re8 30. Rf2 Rd3 31. Qc5 Rd5 1/2-1/2

[Event "Jakarta Pertamina GM"]
[Site "Jakarta"]
[Date "2024.04.30"]
[Round "10"]
[White "Torre, Eugenio"]
[Black "Liu, Xiangyi"]
[Result "1-0"]
[WhiteElo "2425"]
[BlackElo "2355"]
[PlyCount "95"]
[EventDate "2024.04.23"]
[EventType "tourn"]
[EventRounds "11"]
[EventCountry "INA"]
[EventCategory "8"]
[SourceTitle "CBM 220 Extra"]
[Source "ChessBase"]
[SourceDate "2024.07.31"]
[SourceVersion "1"]
[SourceVersionDate "2024.07.31"]
[SourceQuality "1"]

1. d4 Nf6 2. Nf3 b6 3. Bg5 Bb7 4. Nbd2 c5 5. c3 d6 6. e3 Nbd7 7. Bd3 h6 8. Bxf6 gxf6 9. 0-0 e6 10. e4 Qc7 11. Re1 h5 12. d5 Ne5 13. Nxe5 fxe5 14. Nf1 Ke7 15. Bc4 Rh6 16. Qd3 Rd8 17. a4 Rf6 18. a5 bxa5 19. Ra3 exd5 20. Bxd5 Bh6 21. Ng3 Rb8 22. Nf5+ Kf8 23. Bxb7 Qxb7 24. b3 Qb5 25. Qxb5 Rxb5 26. c4 Rb6 27. Rd1 a4 28. Rxa4 Rxb3 29. Rxa7 Kg8 30. g3 Rb2 31. Rxd6 Rxd6 32. Nxd6 Bd2 33. Rxf7 Bc3 34. h4 Bd4 35. Rf5 Rc2 36. Kg2 Kg7 37. Nf7 Rxc4 38. Nxe5 Rc2 39. Nc6 Bb2 40. Rxh5 c4 41. Rc5 Ba3 42. Ra5 Bc1 43. Nd4 Rd2 44. Nf5+ Kf6 45. Rc5 Rc2 46. Nd4 Rc3 47. Ne2 Rc2 48. Nxc1 1-0

[Event "Jakarta Pertamina GM"]
[Site "Jakarta"]
[Date "2024.04.23"]
[Round "1"]
[White "Aulia, Medina Warda"]
[Black "Liu, Xiangyi"]
[Result "0-1"]
[WhiteElo "2372"]
[BlackElo "2355"]
[PlyCount "122"]
[EventDate "2024.04.23"]
[EventType "tourn"]
[EventRounds "11"]
[EventCountry "INA"]
[EventCategory "8"]
[SourceTitle "CBM 220 Extra"]
[Source "ChessBase"]
[SourceDate "2024.07.31"]
[SourceVersion "1"]
[SourceVersionDate "2024.07.31"]
[SourceQuality "1"]

1. e4 e6 2. d4 d5 3. Nd2 Ne7 4. Ngf3 Nd7 5. Bd3 c5 6. exd5 Nxd5 7. 0-0 cxd4 8. Nxd4 Nc5 9. Bb5+ Bd7 10. N2f3 Be7 11. c4 Bxb5 12. Nxb5 Nb4 13. Bd2 Nc6 14. b4 Ne4 15. Bf4 Qxd1 16. Nc7+ Kf8 17. Raxd1 Rc8 18. Rfe1 Nf6 19. b5 Na5 20. h3 h6 21. Rc1 Bc5 22. Bd2 Bb6 23. c5 Bxc7 24. b6 Nc6 25. bxc7 Nd5 26. Rc4 Rxc7 27. Nd4 Nxd4 28. Rxd4 Kg8 29. Rb1 Kh7 30. Ra4 b6 31. cxb6 axb6 32. Rb3 Rhc8 33. Be3 Rc3 34. Rb2 Nxe3 35. fxe3 Rxe3 36. Rxb6 Rc2 37. Ra7 Re1+ 38. Kh2 Ree2 39. Rxf7 Rxg2+ 40. Kh1 Rh2+ 41. Kg1 Rcg2+ 42. Kf1 Rxa2 43. Kg1 Rhg2+ 44. Kf1 Rh2 45. Kg1 e5 46. Rb3 Rhb2 47. Rxb2 Rxb2 48. Re7 Rb5 49. Kf2 Kg6 50. Kf3 Rb3+ 51. Kg4 h5+ 52. Kh4 Re3 53. Re8 Re4+ 54. Kg3 h4+ 55. Kf3 Rf4+ 56. Ke3 Ra4 57. Rxe5 Ra3+ 58. Kf4 Rg3 59. Re8 Kh7 60. Re5 Kh6 61. Re6+ Kh5 0-1

[Event "Titled Tuesday intern op 10th Oct Early"]
[Site "Chess.com INT"]
[Date "2023.10.10"]
[Round "3"]
[White "Sailer, Mike L"]
[Black "Liu, Xiangyi"]
[Result "0-1"]
[WhiteElo "2095"]
[BlackElo "2355"]
[PlyCount "46"]
[EventDate "2023.10.10"]
[EventType "swiss (blitz)"]
[EventRounds "11"]
[EventCountry "USA"]
[SourceTitle "EXT 2025"]
[Source "ChessBase"]
[SourceDate "2024.10.14"]
[SourceVersion "1"]
[SourceVersionDate "2024.10.14"]
[SourceQuality "1"]

1. d4 f5 2. Bg5 d6 3. Nc3 h6 4. Bc1 Nf6 5. g3 Nbd7 6. Bg2 e5 7. dxe5 dxe5 8. Nf3 Bd6 9. 0-0 0-0 10. b3 e4 11. Nd4 Ne5 12. Bb2 a6 13. e3 Qe7 14. a3 Bd7 15. b4 Rad8 16. Qe2 Qf7 17. h3 Nc4 18. Rab1 c5 19. bxc5 Bxc5 20. Nb3 Ba7 21. Rfd1 Be6 22. Nd4 Nxb2 23. Nxe6 Nxd1 0-1

[Event "Thailand op"]
[Site "Chiangmai"]
[Date "2023.07.02"]
[Round "7"]
[White "Liu, Xiangyi"]
[Black "Mohammad Fahad, Rahman"]
[Result "1-0"]
[WhiteElo "2377"]
[BlackElo "2424"]
[PlyCount "127"]
[EventDate "2023.06.28"]
[EventType "swiss"]
[EventRounds "9"]
[EventCountry "THA"]
[SourceTitle "CBM 215 Extra"]
[Source "ChessBase"]
[SourceDate "2023.09.30"]
[SourceVersion "1"]
[SourceVersionDate "2023.09.30"]
[SourceQuality "1"]

1. e4 e5 2. Nf3 Nc6 3. Bc4 Nf6 4. d3 Bc5 5. Bg5 0-0 6. 0-0 h6 7. Bh4 Be7 8. c3 d6 9. a4 Nh5 10. Bg3 Nxg3 11. fxg3 Kh8 12. Na3 f5 13. Nc2 Bf6 14. Ba2 Ne7 15. Ne3 c6 16. Qb3 Rb8 17. Rae1 b5 18. axb5 Rxb5 19. Qc2 Qb6 20. Rf2 d5 21. exf5 Nxf5 22. Ng4 e4 23. dxe4 dxe4 24. Rxe4 Nd6 25. Nxf6 Rxf6 26. Rd4 c5 27. Rh4 Bf5 28. Qe2 Qa5 29. Bd5 Rb8 30. g4 c4 31. g5 Bd3 32. Qd1 Rg6 33. Ne5 Rxg5 34. Bxc4 Rxe5 35. Bxd3 Rbe8 36. Rf1 Qb6+ 37. Rd4 Ne4 38. Qf3 Nf6 39. Qf2 a5 40. h3 Re3 41. Kh1 Qb7 42. Bg6 Re2 43. Qf3 Qxf3 44. Rxf3 Rf8 45. b3 Re5 46. h4 Kg8 47. c4 Rb8 48. Kh2 Kf8 49. Rd6 Ke7 50. Ra6 Rb7 51. Kh3 h5 52. Bf5 Kf7 53. Kg3 Rbe7 54. Rb6 Re2 55. Rb5 Ra2 56. Bd3 Rd7 57. c5 Rd4 58. Rb7+ Kf8 59. Kh3 Ra1 60. c6 Rg4 61. Bf1 Rc1 62. c7 Ke8 63. Bb5+ Kf8 64. g3 1-0

[Event "Thailand op"]
[Site "Chiangmai"]
[Date "2023.07.01"]
[Round "5"]
[White "Enkhtuul, Altanulzii"]
[Black "Liu, Xiangyi"]
[Result "1/2-1/2"]
[WhiteElo "2262"]
[BlackElo "2377"]
[PlyCount "61"]
[EventDate "2023.06.28"]
[EventType "swiss"]
[EventRounds "9"]
[EventCountry "THA"]
[SourceTitle "CBM 215 Extra"]
[Source "ChessBase"]
[SourceDate "2023.09.30"]
[SourceVersion "1"]
[SourceVersionDate "2023.09.30"]
[SourceQuality "1"]

1. Nf3 f5 2. d4 Nf6 3. Bg5 Ne4 4. h4 c6 5. c3 d5 6. e3 Nd7 7. Nbd2 Nxg5 8. hxg5 e6 9. Bd3 g6 10. g4 fxg4 11. Bxg6+ hxg6 12. Rxh8 gxf3 13. Nxf3 Qe7 14. Qc2 Qg7 15. Rh2 Bd6 16. Rh6 Nf8 17. Nh4 e5 18. Nxg6 e4 19. Nxf8 Bxf8 20. 0-0-0 Qxg5 21. Rh7 Bd7 22. Qa4 Qf5 23. Rh2 a5 24. Rg1 Kd8 25. Rg8 Be6 26. Rgh8 Kc7 27. R8h5 Qf3 28. Qb3 Rd8 29. Qa4 Kc8 30. Qxa5 Qe2 31. Rh7 1/2-1/2

[Event "Thailand op"]
[Site "Chiangmai"]
[Date "2023.06.30"]
[Round "4"]
[White "Liu, Xiangyi"]
[Black "Kulpruethanon, Thanadon"]
[Result "1/2-1/2"]
[WhiteElo "2377"]
[BlackElo "2230"]
[PlyCount "75"]
[EventDate "2023.06.28"]
[EventType "swiss"]
[EventRounds "9"]
[EventCountry "THA"]
[SourceTitle "CBM 215 Extra"]
[Source "ChessBase"]
[SourceDate "2023.09.30"]
[SourceVersion "1"]
[SourceVersionDate "2023.09.30"]
[SourceQuality "1"]

1. e4 e5 2. Nf3 Nc6 3. c3 Nf6 4. d4 exd4 5. e5 Nd5 6. cxd4 Bb4+ 7. Bd2 Bxd2+ 8. Nbxd2 0-0 9. Qb3 Nb6 10. Bb5 d6 11. Bxc6 bxc6 12. 0-0 Be6 13. Qc2 Bd5 14. Rfe1 a5 15. Ne4 h6 16. Re3 Re8 17. Rae1 Re6 18. Nc3 Bxf3 19. Rxf3 dxe5 20. dxe5 Qe7 21. Qe2 Re8 22. Re3 Qc5 23. b3 Nd5 24. Na4 Qb5 25. Re4 f5 26. Rc4 Nb6 27. Rc5 Qb4 28. Rec1 Nxa4 29. bxa4 Qxa4 30. g3 Qd4 31. Qc4 Qxc4 32. R1xc4 Rxe5 33. Rxc6 R8e7 34. Rxc7 Rxc7 35. Rxc7 Re2 36. a4 Re4 37. Rc5 Rxa4 38. Rxf5 1/2-1/2

[Event "Thailand op"]
[Site "Chiangmai"]
[Date "2023.06.29"]
[Round "2"]
[White "Liu, Xiangyi"]
[Black "Xu, Yi"]
[Result "1/2-1/2"]
[WhiteElo "2377"]
[BlackElo "2502"]
[PlyCount "36"]
[EventDate "2023.06.28"]
[EventType "swiss"]
[EventRounds "9"]
[EventCountry "THA"]
[SourceTitle "CBM 215 Extra"]
[Source "ChessBase"]
[SourceDate "2023.09.30"]
[SourceVersion "1"]
[SourceVersionDate "2023.09.30"]
[SourceQuality "1"]

1. e4 c5 2. Nf3 Nc6 3. Bb5 g6 4. 0-0 Bg7 5. Re1 e5 6. a3 Nge7 7. b4 d6 8. bxc5 dxc5 9. d3 0-0 10. Bc4 h6 11. Bb2 b6 12. Nc3 Kh7 13. Nd5 Qd6 14. c3 Be6 15. Nxe7 Nxe7 16. Bxe6 Qxe6 17. d4 cxd4 18. cxd4 exd4 1/2-1/2

[Event "Titled Tuesday intern op 27th Jun Early"]
[Site "Chess.com INT"]
[Date "2023.06.27"]
[Round "4"]
[White "Vila Dupla, Aurelio"]
[Black "Liu, Xiangyi"]
[Result "0-1"]
[WhiteElo "2030"]
[BlackElo "2377"]
[PlyCount "48"]
[EventDate "2023.06.27"]
[EventType "swiss (blitz)"]
[EventRounds "11"]
[EventCountry "USA"]
[SourceTitle "EXT 2024"]
[Source "ChessBase"]
[SourceDate "2023.10.10"]
[SourceVersion "1"]
[SourceVersionDate "2023.10.10"]
[SourceQuality "1"]

1. e4 b6 2. d4 Bb7 3. Nc3 e6 4. a3 d5 5. Nf3 dxe4 6. Ng5 Nf6 7. Bb5+ Nbd7 8. Qe2 a6 9. Bc4 b5 10. Ba2 Nb6 11. 0-0 Qxd4 12. Rd1 Qe5 13. g3 Qf5 14. Bf4 Nbd5 15. Bxd5 exd5 16. Nxb5 axb5 17. Qxb5+ c6 18. Qxb7 Qd7 19. Qxa8+ Ke7 20. Qa4 h6 21. c4 hxg5 22. Bxg5 Qh3 23. Qa7+ Ke6 24. cxd5+ Nxd5 0-1

[Event "Titled Tuesday intern op 30th May Early"]
[Site "Chess.com INT"]
[Date "2023.05.30"]
[Round "9"]
[White "Liu, Xiangyi"]
[Black "Nugumanov, Bakhtiyar"]
[Result "1-0"]
[WhiteElo "2377"]
[BlackElo "2316"]
[PlyCount "41"]
[EventDate "2023.05.30"]
[EventType "swiss (blitz)"]
[EventRounds "11"]
[EventCountry "USA"]
[SourceTitle "CBM 214 Extra"]
[Source "ChessBase"]
[SourceDate "2023.07.31"]
[SourceVersion "1"]
[SourceVersionDate "2023.07.31"]
[SourceQuality "1"]

1. e4 e6 2. Nf3 d5 3. e5 Bd7 4. g3 c5 5. Bg2 Nc6 6. 0-0 Nge7 7. Re1 Qc7 8. d3 h6 9. c4 0-0-0 10. Nc3 g5 11. Nb5 Qb6 12. h4 g4 13. Nh2 Ng6 14. Nxg4 h5 15. Nf6 dxc4 16. dxc4 Ncxe5 17. Nxd7 Rxd7 18. Qa4 a6 19. Be3 Nxc4 20. Qxc4 Qxb5 21. Qc3 1-0

[Event "Titled Tuesday intern op 30th May Early"]
[Site "Chess.com INT"]
[Date "2023.05.30"]
[Round "5"]
[White "Liu, Xiangyi"]
[Black "Salgado Lopez, Oscar"]
[Result "1-0"]
[WhiteElo "2377"]
[BlackElo "2095"]
[PlyCount "73"]
[EventDate "2023.05.30"]
[EventType "swiss (blitz)"]
[EventRounds "11"]
[EventCountry "USA"]
[SourceTitle "CBM 214 Extra"]
[Source "ChessBase"]
[SourceDate "2023.07.31"]
[SourceVersion "1"]
[SourceVersionDate "2023.07.31"]
[SourceQuality "1"]

1. e4 c5 2. Nf3 e6 3. g3 Nc6 4. Bg2 g6 5. 0-0 Bg7 6. Re1 d6 7. c3 Nge7 8. d4 cxd4 9. cxd4 0-0 10. Nc3 e5 11. d5 Nb8 12. a4 b6 13. b4 Nd7 14. Ba3 Qc7 15. Nb5 Qb8 16. Rc1 a6 17. Nc3 Bb7 18. a5 b5 19. h4 h6 20. Re2 Qd8 21. Rec2 Rc8 22. Qd3 f5 23. h5 g5 24. exf5 Nxf5 25. Ne4 g4 26. Nh2 Rxc2 27. Rxc2 Nd4 28. Nxd6 Nxc2 29. Qxc2 Qb8 30. Nf5 Rc8 31. Ne7+ Kh8 32. Nxc8 Bxc8 33. Nxg4 Nf6 34. Nxf6 Bxf6 35. Qg6 Bg7 36. Qe8+ Kh7 37. Be4+ 1-0

[Event "Titled Tuesday intern op 02nd May Early"]
[Site "Chess.com INT"]
[Date "2023.05.02"]
[Round "11"]
[White "Liu, Xiangyi"]
[Black "Nagare, Kaivalya Sandip"]
[Result "1-0"]
[WhiteElo "2377"]
[BlackElo "2085"]
[PlyCount "109"]
[EventDate "2023.05.02"]
[EventType "swiss (blitz)"]
[EventRounds "11"]
[EventCountry "USA"]
[SourceTitle "EXT 2024"]
[Source "ChessBase"]
[SourceDate "2023.10.10"]
[SourceVersion "1"]
[SourceVersionDate "2023.10.10"]
[SourceQuality "1"]

1. e4 c5 2. Nc3 d6 3. d4 cxd4 4. Qxd4 Nc6 5. Qd2 g6 6. b3 Bh6 7. f4 Nf6 8. Bb2 0-0 9. Nf3 e5 10. Ng5 exf4 11. h4 Ne5 12. 0-0-0 Be6 13. Qxd6 Qxd6 14. Rxd6 Rfd8 15. Rxd8+ Rxd8 16. Ne2 Neg4 17. Nxf4 Nxe4 18. Nfxe6 fxe6 19. Bc4 Bxg5+ 20. hxg5 Nxg5 21. Rh4 h5 22. Rxg4 hxg4 23. Bf6 Rf8 24. Bxg5 Rf2 25. g3 Kf7 26. Be3 Rf3 27. Bf4 Kf6 28. Be2 Rf2 29. Bxg4 g5 30. Bb8 Rg2 31. Bf3 Rg1+ 32. Kd2 e5 33. g4 a6 34. Ba7 Rg3 35. Be2 Rh3 36. a4 Rh8 37. Bf3 Rh2+ 38. Kd3 Rh3 39. Ke2 Rh2+ 40. Bf2 b5 41. a5 Rh7 42. c4 bxc4 43. bxc4 Ke6 44. Bb6 Rh2+ 45. Ke3 Rb2 46. c5 Rb3+ 47. Kf2 Rb2+ 48. Ke1 Rb4 49. c6 Rc4 50. c7 e4 51. Be2 Rc2 52. Bxa6 Kd7 53. c8Q+ Rxc8 54. Bxc8+ Kxc8 55. Ke2 1-0

[Event "Titled Tuesday intern op 02nd May Early"]
[Site "Chess.com INT"]
[Date "2023.05.02"]
[Round "8"]
[White "Liu, Xiangyi"]
[Black "Rottenwohrer Suarez, Juan"]
[Result "1-0"]
[WhiteElo "2377"]
[BlackElo "2265"]
[PlyCount "57"]
[EventDate "2023.05.02"]
[EventType "swiss (blitz)"]
[EventRounds "11"]
[EventCountry "USA"]
[SourceTitle "EXT 2024"]
[Source "ChessBase"]
[SourceDate "2023.10.10"]
[SourceVersion "1"]
[SourceVersionDate "2023.10.10"]
[SourceQuality "1"]

1. e4 c5 2. Nc3 g6 3. d4 cxd4 4. Qxd4 Nf6 5. Bg5 Nc6 6. Qd2 Bg7 7. f4 d6 8. Nf3 Bg4 9. Be2 0-0 10. h3 Bxf3 11. Bxf3 Rc8 12. 0-0-0 Qa5 13. Kb1 Nd7 14. Nd5 Qxd2 15. Rxd2 f6 16. Bh4 Rfe8 17. Bg4 Red8 18. Rhd1 Kf8 19. e5 f5 20. exd6 exd6 21. Bxd8 fxg4 22. Bc7 gxh3 23. Bxd6+ Kf7 24. gxh3 Nf6 25. Nxf6 Bxf6 26. Bc5 b6 27. Rd7+ Kg8 28. Bg1 Re8 29. R7d6 1-0

[Event "Titled Tuesday intern op 25th Apr Early"]
[Site "Chess.com INT"]
[Date "2023.04.25"]
[Round "11"]
[White "Causo, Deniel"]
[Black "Liu, Xiangyi"]
[Result "1-0"]
[WhiteElo "2224"]
[BlackElo "2377"]
[PlyCount "69"]
[EventDate "2023.04.25"]
[EventType "swiss (blitz)"]
[EventRounds "11"]
[EventCountry "USA"]
[SourceTitle "EXT 2024"]
[Source "ChessBase"]
[SourceDate "2023.10.10"]
[SourceVersion "1"]
[SourceVersionDate "2023.10.10"]
[SourceQuality "1"]

1. e4 e6 2. d4 d5 3. Nd2 Be7 4. Ngf3 Nf6 5. Bd3 c5 6. dxc5 Bxc5 7. Qe2 Nc6 8. c3 0-0 9. 0-0 e5 10. exd5 Qxd5 11. h3 Re8 12. Bc4 Qd8 13. Ng5 Rf8 14. Nde4 Be7 15. Rd1 Qc7 16. Nxf7 Rxf7 17. Ng5 Nd8 18. Rxd8+ Bxd8 19. Bxf7+ Kf8 20. Bb3 Qe7 21. Be3 h6 22. Nf3 Bb6 23. Bxb6 axb6 24. Qxe5 Qxe5 25. Nxe5 Ne4 26. Re1 Bf5 27. f3 Nc5 28. g4 Bh7 29. Bc4 Rd8 30. Kf2 Na4 31. Re2 g5 32. Bb5 Nc5 33. b4 Ne6 34. Nd7+ Kf7 35. Bc4 1-0

[Event "Titled Tuesday intern op 25th Apr Early"]
[Site "Chess.com INT"]
[Date "2023.04.25"]
[Round "10"]
[White "Liu, Xiangyi"]
[Black "Lehtosaari, Mauri"]
[Result "1-0"]
[WhiteElo "2377"]
[BlackElo "2177"]
[PlyCount "53"]
[EventDate "2023.04.25"]
[EventType "swiss (blitz)"]
[EventRounds "11"]
[EventCountry "USA"]
[SourceTitle "EXT 2024"]
[Source "ChessBase"]
[SourceDate "2023.10.10"]
[SourceVersion "1"]
[SourceVersionDate "2023.10.10"]
[SourceQuality "1"]

1. Nf3 d5 2. g3 Nf6 3. Bg2 c6 4. 0-0 Bg4 5. h3 Bxf3 6. Bxf3 e6 7. d3 Bc5 8. Bg2 a5 9. d4 Bd6 10. a4 Nbd7 11. Nd2 0-0 12. c3 e5 13. dxe5 Nxe5 14. e4 dxe4 15. Nxe4 Nxe4 16. Bxe4 Re8 17. Qc2 h6 18. Kg2 Qf6 19. f4 Nc4 20. b3 Nb6 21. Bb2 Nd5 22. Rae1 Qd8 23. Qf2 Nf6 24. Bb1 Bc7 25. c4 Bb6 26. Qc2 Rxe1 27. Bxf6 1-0

[Event "Titled Tuesday intern op 25th Apr Early"]
[Site "Chess.com INT"]
[Date "2023.04.25"]
[Round "9"]
[White "Osinenko, Anton"]
[Black "Liu, Xiangyi"]
[Result "1-0"]
[WhiteElo "2203"]
[BlackElo "2377"]
[PlyCount "81"]
[EventDate "2023.04.25"]
[EventType "swiss (blitz)"]
[EventRounds "11"]
[EventCountry "USA"]
[SourceTitle "EXT 2024"]
[Source "ChessBase"]
[SourceDate "2023.10.10"]
[SourceVersion "1"]
[SourceVersionDate "2023.10.10"]
[SourceQuality "1"]

1. e4 e6 2. d4 d5 3. exd5 exd5 4. Bd3 Bd6 5. Ne2 Nc6 6. Nbc3 Nb4 7. Bb5+ c6 8. Ba4 Nf6 9. h3 0-0 10. Be3 b5 11. Bb3 a5 12. a3 Na6 13. a4 b4 14. Nb1 Ne4 15. Nd2 f5 16. Nxe4 fxe4 17. Qd2 Be6 18. Nf4 Bf7 19. h4 Ra7 20. g3 Rd7 21. Qe2 Qc8 22. 0-0 Bxf4 23. Bxf4 c5 24. c3 c4 25. Bd1 Re8 26. Qd2 b3 27. f3 Be6 28. fxe4 dxe4 29. Bh5 g6 30. Be2 Nc7 31. Be5 Nd5 32. Qh6 Bh3 33. Rf2 e3 34. Rh2 Bf5 35. h5 Rde7 36. hxg6 Bxg6 37. Rf1 Rxe5 38. dxe5 Rxe5 39. Bxc4 Qc5 40. Re2 Re8 41. Qf4 1-0

[Event "Titled Tuesday intern op 21st Feb Early"]
[Site "Chess.com INT"]
[Date "2023.02.21"]
[Round "7"]
[White "Martinkus, Rolandas"]
[Black "Liu, Xiangyi"]
[Result "0-1"]
[WhiteElo "1985"]
[BlackElo "2377"]
[PlyCount "90"]
[EventDate "2023.02.21"]
[EventType "swiss (blitz)"]
[EventRounds "11"]
[EventCountry "USA"]
[SourceTitle "CBM 212 Extra"]
[Source "ChessBase"]
[SourceDate "2023.03.31"]
[SourceVersion "1"]
[SourceVersionDate "2023.03.31"]
[SourceQuality "1"]

1. e4 e6 2. d4 d5 3. e5 c5 4. c3 Nc6 5. Nf3 Qb6 6. Bd3 Bd7 7. Bc2 cxd4 8. cxd4 Nb4 9. 0-0 Nxc2 10. Qxc2 Rc8 11. Qb3 Qxb3 12. axb3 a6 13. Nc3 Ne7 14. Na4 Bb5 15. Re1 Nc6 16. Be3 Nb4 17. Rac1 Bc6 18. Red1 Be7 19. Nc5 0-0 20. Bd2 Bxc5 21. Rxc5 Nd3 22. Rc3 Bb5 23. Rb1 f6 24. exf6 gxf6 25. Ne1 Rxc3 26. bxc3 Rc8 27. Rd1 Kf7 28. Nxd3 Bxd3 29. Be1 Bc2 30. Rc1 Bxb3 31. f3 a5 32. Kf2 a4 33. Ke3 a3 34. Ra1 a2 35. Kd3 Bc4+ 36. Kd2 Rg8 37. g3 Kg6 38. Bf2 Kf5 39. Ke3 h5 40. h3 Kg6 41. g4 hxg4 42. hxg4 Rh8 43. Bg3 Rh3 44. Kf4 e5+ 45. dxe5 fxe5+ 0-1